Biblioteca y Centro de Documentación

Una modalitat d'accident de treball (Registro nro. 7782)

Detalles MARC
000 -CABECERA
Longitud fija campo de control 01038nam a2200277 c 4500
001 - NÚMERO DE CONTROL
Número de control 7782
003 - IDENTIFICADOR DE NÚMERO DE CONTROL
Identificador del número de control ES-MaCES
005 - FECHA Y HORA DE LA ÚLTIMA TRANSACCIÓN
Fecha y hora de la última transacción 20141221121919.0
008 - CAMPO FIJO DE DESCRIPCIÓN FIJA--INFORMACIÓN GENERAL
Códigos de información de longitud fija   980815s1996 sp ||0 | cat d
035 ## - NÚMERO DE CONTROL DEL SISTEMA
Número de control del sistema CES19980081144m
040 ## - FUENTE DE CATALOGACIÓN
Centro catalogador de origen ES-MaCES
Lengua de catalogación spa
Centro transcriptor ES-MaCES
100 1# - ENCABEZAMIENTO PRINCIPAL--NOMBRE PERSONAL
Nombre de persona Camós Victoria, Ignacio
9 (RLIN) 8822
245 14 - MENCIÓN DE TÍTULO
Título Una modalitat d'accident de treball
Resto del título : l'accident 'in itinere'
Mención de responsabilidad, etc. Ignasi Camós Victoria
260 ## - PUBLICACIÓN, DISTRIBUCIÓN, ETC (PIE DE IMPRENTA)
Lugar de publicación, distribución, etc. Barcelona
Nombre del editor, distribuidor, etc. Universitat de Barcelona, Institut d'Estudis Laborals
Fecha de publicación, distribución, etc. 1996
300 ## - DESCRIPCIÓN FÍSICA
Extensión 41 p.
Dimensiones 30 cm
490 1# - MENCIÓN DE SERIE
Mención de serie Documents de treball (Universidad de Barcelona. Instituto de Estudios Laborales)
Designación de volumen o secuencia 9604
541 ## - NOTA DE LA FUENTE INMEDIANTE DE ADQUISICIÓN
Forma de adquisición Gratuito
650 #4 - ASIENTO SECUNDARIO DE MATERIA--TÉRMINO DE MATERIA
Término de materia o nombre geográfico como elemento inicial accidente de trabajo
9 (RLIN) 28345
650 #4 - ASIENTO SECUNDARIO DE MATERIA--TÉRMINO DE MATERIA
Término de materia o nombre geográfico como elemento inicial accidente de trayecto
9 (RLIN) 30246
650 #4 - ASIENTO SECUNDARIO DE MATERIA--TÉRMINO DE MATERIA
Término de materia o nombre geográfico como elemento inicial España
9 (RLIN) 26964
653 10 - TÉRMINO DE INDEXACIÓN--NO CONTROLADO
Término no controlado Derecho del trabajo y Seguridad Social
830 #0 - ENCABEZAMIENTO SECUNDARIO DE COLECCIÓN--TÍTULO UNIFORME
Título uniforme Documents de treball (Universidad de Barcelona. Instituto de Estudios Laborales)
Designación de volumen o secuencia 9604
9 (RLIN) 32578
902 ## - CES. TIPO DE DOCUMENTO
Tipodoc (006$c Sirtex) LIB Libro
942 ## - ELEMENTOS KOHA
Fuente de clasificaión o esquema Clasificación propia del CES
Koha [por defecto] tipo de item Monografías
Parte de clasificación 6.0.1.
Existencias
Número de registro Signatura completa Tipo de item de Koha
015983 DOC-6.0.1.-8 Monografías
© CES, Consejo Económico y Social de España 2021